A banker of Bankersville : a novel /

Bibliographic Details
Main Author: Thompson, Maurice, 1844-1901
Format: Microform Book
Language:English
Published: New York : Cassell, [1886]

MARC

Tag First Indicator Second Indicator Subfields
LEADER 00000cam a2200000 a 4500
001 in00000745921
005 20151016093930.0
007 hd afa014baca
008 760518s1886 ctu a 00011 eng d
035 |a (OCoLC)02180384 
035 |9 ADH8344AM 
040 |a JNA  |c JNA  |d LWS  |d UtOrBLW 
049 |a TXAI 
090 |a PS15 
099 |a film  |a B  |a 1551 
100 1 |a Thompson, Maurice,  |d 1844-1901. 
245 1 2 |a A banker of Bankersville :  |b a novel /  |c by Maurice Thompson. 
264 1 |a New York :  |b Cassell,  |c [1886] 
264 4 |c ©1886 
300 |a 323 pages 
336 |a text  |b txt  |2 rdacontent 
337 |a microform  |b h  |2 rdamedia 
338 |a microfilm reel  |b hd  |2 rdacarrier 
533 |a Microfilm.  |b Woodbridge, Conn. :  |c Research Publications,  |d 1970-1978.  |e 1 microfilm reel ; 35 mm.  |f (Wright American fiction ; v. 3 (1876-1900), reel T-14, no. 5447) 
500 |a Microform. 
999 |a MARS 
999 f f |s e7c2855e-6d35-31c3-84be-ba81ff27ba5e  |i 7e36f1ad-d603-35f8-afc9-4bcb44e479d3  |t 0 
952 f f |p default  |a Texas A&M University  |b College Station  |c Sterling C. Evans Library  |d Evans: Microforms (3rd floor)  |t 0  |e film B 1551 v.3 reel T-14 no.5447  |h Other scheme  |i microform -- microfilm reel 
998 f f |a film B 1551 v.3 reel T-14 no.5447  |t 0  |l Evans: Microforms (3rd floor)